[Event "Stay Safe Play From Home 153"]
[Site "T#646141Emanuel Laske"]
[Date "2020.05.17"]
[Round "7"]
[White "Vinnety"]
[Black "Little champs"]
[Result "0-1"]
[WhiteElo "1836"]
[BlackElo "2208"]
[PlyCount "94"]
[EventDate "2020.05.17"]
[EventType "swiss (blitz)"]

1. e4 {[%emt 0:00:02]} c5 {[%emt 0:00:14]} 2. Bc4 {[%emt 0:00:03]} d6 {[%emt 0:00:01]} 3. Nc3 {[%emt 0:00:01]} e6 {[%emt 0:00:01]} 4. d3 {[%emt 0:00:01]} Nf6 {[%emt 0:00:01]} 5. Bg5 {[%emt 0:00:01]} Be7 {[%emt 0:00:02]} 6. Nge2 {[%emt 0:00:01]} O-O {[%emt 0:00:01]} 7. O-O {[%emt 0:00:01]} a6 {[%emt 0:00:01]} 8. a4 {[%emt 0:00:01]} b6 {[%emt 0:00:01]} 9. f4 {[%emt 0:00:01]} Bb7 {[%emt 0:00:01]} 10. Qe1 {[%emt 0:00:01]} d5 {[%emt 0:00:01]} 11. exd5 {[%emt 0:00:07]} exd5 {[%emt 0:00:01]} 12. Ba2 {[%emt 0:00:03]} d4 {[%emt 0:00:06]} 13. Bxf6 {[%emt 0:00:02]} Bxf6 {[%emt 0:00:01]} 14. Ne4 {[%emt 0:00:01]} Bxe4 {[%emt 0:00:10]} 15. dxe4 {[%emt 0:00:01]} d3 {[%emt 0:00:01]} 16. cxd3 {[%emt 0:00:15]} Bxb2 {[%emt 0:00:04]} 17. Rd1 {[%emt 0:00:06]} Nc6 {[%emt 0:00:04]} 18. Ng3 {[%emt 0:00:10]} Rc8 {[%emt 0:00:02]} 19. e5 {[%emt 0:00:05]} Bd4+ {[%emt 0:00:01]} 20. Kh1 {[%emt 0:00:01]} Nb4 {[%emt 0:00:01]} 21. Bb3 {[%emt 0:00:10]} b5 {[%emt 0:00:05]} 22. f5 {[%emt 0:00:18]} Qc7 {[%emt 0:00:12]} 23. e6 {[%emt 0:00:07]} bxa4 {[%emt 0:00:04]} 24. exf7+ {[%emt 0:00:02]} Kh8 {[%emt 0:00:01]} 25. Bc4 {[%emt 0:00:02]} Nc2 {[%emt 0:00:05]} 26. Qe4 {[%emt 0:00:06]} Ne3 {[%emt 0:00:02]} 27. Qh4 {[%emt 0:00:11]} Nxd1 {[%emt 0:00:10]} 28. f6 {[%emt 0:00:02]} Bxf6 {[%emt 0:00:04]} 29. Rxf6 {[%emt 0:00:03]} Qe7 {[%emt 0:00:04]} 30. Ne4 {[%emt 0:00:28]} gxf6 {[%emt 0:00:55]} 31. Qh6 {[%emt 0:00:16]} Rxf7 {[%emt 0:00:09]} 32. Bxf7 {[%emt 0:00:04]} Qxf7 {[%emt 0:00:12]} 33. h3 {[%emt 0:00:12]} a3 {[%emt 0:00:02]} 34. Nd6 {[%emt 0:00:02]} Qg7 {[%emt 0:00:07]} 35. Qd2 {[%emt 0:00:06]} Rd8 {[%emt 0:00:01]} 36. Nf5 {[%emt 0:00:05]} Qd7 {[%emt 0:00:01]} 37. Nh6 {[%emt 0:00:07]} Qxd3 {[%emt 0:00:12]} 38. Qf4 {[%emt 0:00:11]} Qg6 {[%emt 0:00:11]} 39. Qc7 {[%emt 0:00:08]} Nf2+ {[%emt 0:00:09]} 40. Kh2 {[%emt 0:00:06]} Re8 {[%emt 0:00:11]} 41. Nf7+ {[%emt 0:00:10]} Kg8 {[%emt 0:00:02]} 42. Nd6 {[%emt 0:00:02]} Rf8 {[%emt 0:00:01]} 43. Qxc5 {[%emt 0:00:02]} Ne4 {[%emt 0:00:01]} 44. Qd5+ {[%emt 0:00:02]} Kh8 {[%emt 0:00:03]} 45. Nxe4 {[%emt 0:00:01]} a2 {[%emt 0:00:01]} 46. Qd6 {[%emt 0:00:07]} Rg8 {[%emt 0:00:05]} 47. Qb6 {[%emt 0:00:06]} Qxg2# {[%emt 0:00:02] (Lag: Av=0.83s, max=2.1s)} 0-1

[Event "Stay Safe Play From Home 153"]
[Site "T#646141Emanuel Laske"]
[Date "2020.05.17"]
[Round "7"]
[White "Edmatuag"]
[Black "Tobo Rubirosa"]
[Result "0-1"]
[WhiteElo "1565"]
[BlackElo "1729"]
[Annotator "NA"]
[PlyCount "84"]
[EventDate "2020.05.17"]
[EventType "swiss (blitz)"]

1. Nf3 {[%emt 0:00:05]} Nf6 {[%emt 0:00:02]} 2. b3 {[%emt 0:00:07]} g6 {[%emt 0:00:01]} 3. Bb2 {[%emt 0:00:01]} Bg7 {[%emt 0:00:01]} 4. e3 {[%emt 0:00:04]} O-O {[%emt 0:00:02]} 5. Be2 {[%emt 0:00:05]} d5 {[%emt 0:00:02]} 6. O-O {[%emt 0:00:01]} c5 {[%emt 0:00:02]} 7. c4 {[%emt 0:00:03]} Nc6 {[%emt 0:00:10]} 8. cxd5 {[%emt 0:00:04]} Qxd5 {[%emt 0:00:04]} 9. Nc3 {[%emt 0:00:05]} Qd7 {[%emt 0:00:03]} 10. Bb5 {[%emt 0:00:16]} a6 {[%emt 0:00:03]} 11. Bxc6 {[%emt 0:00:02]} Qxc6 {[%emt 0:00:03]} 12. Ne5 {[%emt 0:00:04]} Qc7 {[%emt 0:00:02]} 13. f4 {[%emt 0:00:10]} b5 {[%emt 0:00:05]} 14. a4 {[%emt 0:00:14]} b4 {[%emt 0:00:21]} 15. Ne2 {[%emt 0:00:03]} Bb7 {[%emt 0:00:03]} 16. Ng3 {[%emt 0:00:08]} Rad8 {[%emt 0:00:06]} 17. Qe2 {[%emt 0:00:04]} Ne4 {[%emt 0:00:08]} 18. Nxe4 {[%emt 0:00:06]} Bxe4 {[%emt 0:00:02]} 19. Rac1 {[%emt 0:00:05]} Qb6 {[%emt 0:00:11]} 20. d4 {[%emt 0:00:11]} cxd4 {[%emt 0:00:32]} 21. Bxd4 {[%emt 0:00:00]} Qb7 {[%emt 0:00:24]} 22. Rf2 {[%emt 0:00:03]} Rc8 {[%emt 0:00:10]} 23. Rxc8 {[%emt 0:00:30]} Rxc8 {[%emt 0:00:05]} 24. h3 {[%emt 0:00:06]} Rc2 {[%emt 0:00:05]} 25. Qg4 {[%emt 0:00:05]} Rxf2 {[%emt 0:00:12]} 26. Kxf2 {[%emt 0:00:02]} h5 {[%emt 0:00:18]} 27. Qd7 {[%emt 0:00:04]} Qxd7 {[%emt 0:00:04]} 28. Nxd7 {[%emt 0:00:02]} Bxd4 {[%emt 0:00:07]} 29. exd4 {[%emt 0:00:00]} Bc2 {[%emt 0:00:03]} 30. Nc5 {[%emt 0:00:01]} a5 {[%emt 0:00:03]} 31. g3 {[%emt 0:00:02]} Kg7 {[%emt 0:00:01]} 32. h4 {[%emt 0:00:03]} Kf6 {[%emt 0:00:01]} 33. Ke3 {[%emt 0:00:02]} Kf5 {[%emt 0:00:02]} 34. Kd2 {[%emt 0:00:02]} Be4 {[%emt 0:00:07]} 35. Ke3 {[%emt 0:00:01]} Bc6 {[%emt 0:00:04]} 36. Nd3 {[%emt 0:00:10]} f6 {[%emt 0:00:07]} 37. Nc5 {[%emt 0:00:12]} Kg4 {[%emt 0:00:02]} 38. Kf2 {[%emt 0:00:01]} Bd5 {[%emt 0:00:05]} 39. Na6 {[%emt 0:00:19]} Bxb3 {[%emt 0:00:03]} 40. Nc5 {[%emt 0:00:02]} Bd5 {[%emt 0:00:04]} 41. Na6 {[%emt 0:00:03]} b3 {[%emt 0:00:02]} 42. Nc5 {[%emt 0:00:02]} b2 {[%emt 0:00:03] Edmatuag resigns (Lag: Av=0.88s, max=1.3s)} 0-1

[Event "Stay Safe Play From Home 153"]
[Site "T#646141Emanuel Laske"]
[Date "2020.05.17"]
[Round "7"]
[White "Mandy"]
[Black "OLEKSY J"]
[Result "1-0"]
[WhiteElo "928"]
[BlackElo "1412"]
[Annotator "NA"]
[PlyCount "27"]
[EventDate "2020.05.17"]
[EventType "swiss (blitz)"]

1. d4 {[%emt 0:00:03]} e6 {[%emt 0:00:02]} 2. Bf4 {[%emt 0:00:02]} c5 {[%emt 0:00:01]} 3. e3 {[%emt 0:00:03]} cxd4 {[%emt 0:00:01]} 4. Qxd4 {[%emt 0:00:06]} Nf6 {[%emt 0:00:01]} 5. Bxb8 {[%emt 0:00:06]} Rxb8 {[%emt 0:00:01]} 6. Qxa7 {[%emt 0:00:06]} Qc7 {[%emt 0:00:03]} 7. Qa3 {[%emt 0:00:19]} Bxa3 {[%emt 0:00:03]} 8. Nxa3 {[%emt 0:00:03]} O-O {[%emt 0:00:03]} 9. Nc4 {[%emt 0:00:05]} d5 {[%emt 0:00:02]} 10. Nd2 {[%emt 0:00:05]} Qxc2 {[%emt 0:00:02]} 11. Ngf3 {[%emt 0:00:31]} Qxb2 {[%emt 0:00:02]} 12. Rd1 {[%emt 0:00:03]} Ra8 {[%emt 0:00:02]} 13. e4 {[%emt 0:00:02]} Rxa2 {[%emt 0:00:06]} 14. Ng5 {[%emt 0:00:03] (Lag: Av=0.44s, max=0.6s)} 1-0